000 00684nam a2200241Ia 4500
005 20260430150433.0
008 008 250103s9999 xx 000 0 eng d
037 _aTheses
040 _aCRL
040 _beng
040 _ceng
041 _2eng
041 _aeng
084 _qCRL
100 _aVinay Kumar Au.; Mukhopadhyaya Ranjana Gu.
_91237500
245 0 _aStudy of the Role of Civil Protest in the Consolidation of Democracy in South Korea:1960 to 1993
260 _c2023
300 _a177p.
650 _aSocial Sciences
700 _aUniversity of Delhi. Faculty of Social Sciences. Deptt. of East Asian Studies
942 _cTH
999 _c1849776
_d1849776